Vikingos

Збережено в:
Бібліографічні деталі
Автор: Margeson, Susan M. (autora)
Формат: Книга
Мова:Іспанська
Опубліковано: Madrid Santillana 1994
Серія:Biblioteca visual altea
Предмети:
Теги: Додати тег
Немає тегів, Будьте першим, хто поставить тег для цього запису!

MARC

LEADER 00000nam a2200000 a 4500
001 UCS3908
003 CL-VaPUC
008 970718e19940000SP |||||||||||||||||spa|d
082 0 4 |a 948.022  |b MAR  |2 21 
100 |a Margeson, Susan M.  |e autora  |9 390075 
245 1 0 |a Vikingos 
300 |a 63 p 
942 |c BK 
945 |d 19970718 00:00:00  |a amoreno 
260 |a Madrid  |b Santillana  |c 1994 
650 0 |a Vikingos  |9 338002 
650 0 |a Mar  |9 357500 
650 0 |a Historia  |9 255047 
650 0 |a Guerra  |9 255876 
650 0 |a Barcos   |9 260866 
650 0 |a Comercio  |9 255341 
650 7 |a REYES  |2 CL-VaPUC  |9 349627 
650 0 |a Mujeres  |9 257649 
650 0 |a Niños  |9 255605 
650 0 |a Hogar  |9 309858 
650 0 |a Comida  |9 390076 
650 0 |a Animales   |9 269820 
650 7 |a CAMPESINOS  |2 CL-VaPUC  |9 315355 
650 0 |a Transporte marítimo  |9 260127 
650 7 |a TEJIDOS  |2 CL-VaPUC  |9 343026 
650 0 |a Música  |9 306269 
650 0 |a Juegos   |9 243060 
650 7 |a RITOS  |2 CL-VaPUC  |9 337654 
650 0 |a Cristianismo  |9 257361 
651 0 |a Rusia   |9 256106 
583 |a last modification  |c 19970718 00:00:00  |k Rodrigo Vera 
490 0 |a Biblioteca visual altea 
999 |c 261374  |d 261372 
952 |0 0  |1 0  |4 0  |6 948_022000000000000_MAR_1994  |7 0  |8 A  |9 288767  |a BIBARQ  |b BIBARQ  |d 2019-11-19  |i 3334422  |o 948.022 MAR 1994  |p 3334422  |r 2025-01-20  |w 2019-11-19  |y BK  |k ARQ